Lịch sử các học thuyết kinh tế

Guardat en:
Dades bibliogràfiques
Autor principal: Ekelund, Robert B.
Format: Llibre
Idioma:Undetermined
Publicat: Hà Nội Thống kê 2004
Matèries:
Etiquetes: Afegir etiqueta
Sense etiquetes, Sigues el primer a etiquetar aquest registre!
Thư viện lưu trữ: Trung tâm Học liệu Trường Đại học Cần Thơ
LEADER 00589nam a2200193Ia 4500
001 CTU_60402
008 210402s9999 xx 000 0 und d
020 |b 150000 
082 |a 330.1 
082 |b E37 
100 |a Ekelund, Robert B. 
245 0 |a Lịch sử các học thuyết kinh tế 
245 0 |c Robert B. Ekelund và Robert F. Hébert; Trung tâm nghiên cứu dịch thuật 
260 |a Hà Nội 
260 |b Thống kê 
260 |c 2004 
650 |a Economics 
904 |i Minh, Năm 
980 |a Trung tâm Học liệu Trường Đại học Cần Thơ